[Event "OPEN IASI 2014"]
[Site "OPEN IASI 2014"]
[Date "2014.05.13"]
[Round "4.35"]
[White "Bonte, Andrei-Mihai"]
[Black "Bilescu, Lucian Wolfgang"]
[Result "1-0"]
[WhiteElo "2282"]
[BlackElo "1997"]
[PlyCount "71"]
[EventDate "2014.??.??"]

1. d4 d5 2. Nf3 Nf6 3. c4 e6 4. Nc3 c5 5. e3 dxc4 6. Bxc4 a6 7. a4 Nc6 8. O-O
cxd4 9. exd4 Be7 10. Be3 Nb4 11. Ne5 O-O 12. Qf3 Nc2 13. Rad1 Nxe3 14. fxe3 Qb6
15. Rf2 Bd7 16. Rdf1 Be8 17. Qh3 Rc8 18. a5 Qd8 19. Bd3 g6 20. Nc4 Nh5 21. Nb6
Rc6 22. Be4 Rxb6 23. axb6 Qxb6 24. Qf3 f5 25. Bxb7 Bd7 26. Ra1 a5 27. Na4 Bxa4
28. Rxa4 Nf6 29. Rc4 Ne4 30. Bxe4 fxe4 31. Qxe4 Rxf2 32. Kxf2 Qxb2+ 33. Kf3 Kf7
34. Qf4+ Ke8 35. Rc8+ Bd8 36. Qc7 1-0

[Event "OPEN IASI 2014"]
[Site "OPEN IASI 2014"]
[Date "2014.05.12"]
[Round "3.73"]
[White "Bilescu, Lucian Wolfgang"]
[Black "Mihalache, Paul-Stelian"]
[Result "1-0"]
[WhiteElo "1997"]
[BlackElo "1560"]
[PlyCount "61"]
[EventDate "2014.??.??"]

1. e4 c5 2. Nf3 e6 3. d4 cxd4 4. Nxd4 Nf6 5. Nc3 Nc6 6. Ndb5 Bb4 7. a3 Bxc3+ 8.
Nxc3 d5 9. exd5 Nxd5 10. Nxd5 Qxd5 11. Qxd5 exd5 12. Bf4 Bf5 13. O-O-O O-O-O
14. Bb5 Rhe8 15. Rd2 Re4 16. Bg3 Re7 17. Rhd1 Bg4 18. f3 Be6 19. Bh4 f6 20. h3
a6 21. Bc4 Ne5 22. Bg3 Bxh3 23. Bxd5 Bd7 24. Bf2 Rde8 25. Bc5 Nxf3 26. Bxf3 Re5
27. Bd6 Re1 28. c4 Ba4 29. Bg4+ Bd7 30. Bxd7+ Kxd7 31. Bg3+ 1-0

[Event "OPEN IASI 2014"]
[Site "Iasi"]
[Date "2014.05.11"]
[Round "2.45"]
[White "Vasilevich, Irina"]
[Black "Bilescu, Lucian Wolfgang"]
[Result "1-0"]
[WhiteElo "2345"]
[BlackElo "1997"]
[PlyCount "25"]
[EventDate "2014.??.??"]

1. c4 d5 2. cxd5 e6 3. dxe6 Bxe6 4. Nf3 Nc6 5. Nc3 Bc5 6. e3 a6 7. d4 Bb4 8.
Bd3 f6 9. O-O Qd7 10. a3 Bxc3 11. bxc3 Na5 12. Nd2 O-O-O 13. Qe2 1-0

[Event "Romanian Championship"]
[Site "?"]
[Date "2014.05.04"]
[Round "?"]
[White "Ifrim, Silviu"]
[Black "Bilescu, Lucian Wolfgang"]
[Result "1-0"]
[WhiteElo "2108"]
[BlackElo "1997"]
[PlyCount "77"]
[EventDate "2014.??.??"]

1. e4 d5 2. exd5 Qxd5 3. Nc3 Qd8 4. d4 Nf6 5. h3 Bf5 6. Nf3 e6 7. Bc4 c6 8. O-O
Nbd7 9. Re1 Be7 10. Bf4 O-O 11. Nh4 Bg6 12. Nxg6 hxg6 13. Bf1 Qa5 14. a3 Nd5
15. Nxd5 cxd5 16. c3 b5 17. Bd3 a6 18. Bc2 Qb6 19. g3 Rfc8 20. h4 a5 21. h5 g5
22. Bd2 Rc6 23. Qe2 Rac8 24. Bd3 Rb8 25. Kg2 Bf8 26. Bxg5 b4 27. axb4 axb4 28.
Bf4 Rbc8 29. Bb5 bxc3 30. Ra6 Qb7 31. Rxc6 Rxc6 32. Bxc6 Qxc6 33. Rc1 cxb2 34.
Qxb2 Qb6 35. Qxb6 Nxb6 36. Rc7 Nc4 37. Rc8 f6 38. h6 e5 39. Rxf8+ 1-0

[Event "Targu Mures ROM, Men Ch 2014"]
[Site "Targu Mures ROM"]
[Date "2014.05.03"]
[Round "10.17"]
[White "Bilescu, Lucian Wolfgang"]
[Black "Gilea, Lucian"]
[Result "0-1"]
[WhiteElo "1997"]
[BlackElo "2266"]
[PlyCount "56"]
[EventDate "2014.04.26"]
[EventType "swiss"]
[EventRounds "11"]
[EventCountry "ROM"]
[Source "Chess Mix"]

1. e4 e6 2. d4 d5 3. Nd2 Nf6 4. e5 Nfd7 5. c3 c5 6. Bd3 f5 7. exf6 Nxf6 8. Ne2
Nc6 9. Nf3 Bd6 10. O-O e5 11. dxe5 Nxe5 12. Nxe5 Bxe5 13. Bf4 Bxf4 14. Nxf4 O-O
15. Nh5 Ng4 16. Be2 Qg5 17. Ng3 Nf6 18. f4 Qh4 19. Bf3 Kh8 20. Rf2 Bg4 21. Qf1
Rae8 22. Re1 b6 23. Rxe8 Rxe8 24. Ne2 Bxf3 25. Rxf3 Ng4 26. Rh3 Qe7 27. Nc1 c4
28. Rg3 Qc5+ 0-1

[Event "Targu Mures ROM, Men Ch 2014"]
[Site "Targu Mures ROM"]
[Date "2014.05.02"]
[Round "9.20"]
[White "Secheres, Adrian Simion"]
[Black "Bilescu, Lucian Wolfgang"]
[Result "1/2-1/2"]
[WhiteElo "2200"]
[BlackElo "1997"]
[PlyCount "55"]
[EventDate "2014.04.26"]
[EventType "swiss"]
[EventRounds "11"]
[EventCountry "ROM"]
[Source "Chess Mix"]

1. d4 d5 2. c4 e5 3. dxe5 d4 4. Nf3 Nc6 5. Nbd2 Nge7 6. Nb3 Nf5 7. e4 Nh4 8. a3
Bg4 9. Bf4 f6 10. Bg3 Bxf3 11. gxf3 fxe5 12. Qd3 Be7 13. O-O-O O-O 14. Be2 Bg5+
15. Kb1 Ng6 16. c5 Kh8 17. Qc4 Qe7 18. h4 Bh6 19. Rdg1 Nf4 20. Bf1 Nh5 21. Be2
Bf4 22. Nc1 Bxc1 23. Rxc1 Rae8 24. Rhd1 a6 25. b4 Rf6 26. Qb3 Ref8 27. Kb2 Nd8
28. Qd5 1/2-1/2

[Event "Targu Mures ROM, Men Ch 2014"]
[Site "Targu Mures ROM"]
[Date "2014.05.01"]
[Round "8.21"]
[White "Bilescu, Lucian Wolfgang"]
[Black "Senetia, Teodor Vasile"]
[Result "1/2-1/2"]
[WhiteElo "1997"]
[BlackElo "2148"]
[PlyCount "99"]
[EventDate "2014.04.26"]
[EventType "swiss"]
[EventRounds "11"]
[EventCountry "ROM"]
[Source "Chess Mix"]

1. e4 c5 2. Nf3 Nc6 3. d4 cxd4 4. Nxd4 g6 5. Nc3 Bg7 6. Be3 Nf6 7. f3 O-O 8.
Bc4 d6 9. Qd2 Nxd4 10. Bxd4 Be6 11. Bb3 Rc8 12. O-O Nd7 13. Rad1 Bxd4+ 14. Qxd4
Qb6 15. Rfe1 Qxd4+ 16. Rxd4 Bxb3 17. axb3 f6 18. Ra1 a6 19. Rb4 Nc5 20. Kf2 Kf7
21. Rb6 Rb8 22. Rb4 Rfc8 23. Rd4 Rc6 24. Nd5 Rbc8 25. Ne3 b5 26. Ke2 e6 27. Rd2
f5 28. exf5 gxf5 29. g3 Nd7 30. b4 Ne5 31. c3 Ke7 32. Kf2 Rf8 33. f4 Ng4+ 34.
Nxg4 fxg4 35. h3 gxh3 36. Rh1 Rf5 37. Rxh3 h5 38. Kf3 e5 39. Rdh2 exf4 40. gxf4
Rc4 41. Rxh5 Rcxf4+ 42. Ke3 Rf3+ 43. Kd2 Rf2+ 44. Kc1 Kd7 45. Rxf5 Rxh2 46. Rd5
Kc6 47. Rd2 Rh1+ 48. Kc2 Rh6 49. Rd4 Rf6 50. Rg4 1/2-1/2

[Event "Targu Mures ROM, Men Ch 2014"]
[Site "Targu Mures ROM"]
[Date "2014.05.01"]
[Round "7.25"]
[White "David, Alexandru-Vasile"]
[Black "Bilescu, Lucian Wolfgang"]
[Result "0-1"]
[WhiteElo "2166"]
[BlackElo "1997"]
[PlyCount "42"]
[EventDate "2014.04.26"]
[EventType "swiss"]
[EventRounds "11"]
[EventCountry "ROM"]
[Source "Chess Mix"]

1. d4 d5 2. c4 e5 3. dxe5 d4 4. Nf3 Nc6 5. a3 Nge7 6. b4 Ng6 7. Bb2 a5 8. b5
Ncxe5 9. Nxe5 Nxe5 10. e3 Be6 11. Bxd4 Nxc4 12. Qc2 Nd6 13. Bd3 Qg5 14. f4 Qh4+
15. g3 Qh3 16. Nc3 Be7 17. O-O-O O-O 18. e4 Nc4 19. f5 Bg5+ 20. Rd2 Nxd2 21.
fxe6 Nb3+ 0-1

[Event "Targu Mures ROM, Men Ch 2014"]
[Site "Targu Mures ROM"]
[Date "2014.04.30"]
[Round "6.35"]
[White "Pana, Marian"]
[Black "Bilescu, Lucian Wolfgang"]
[Result "0-1"]
[WhiteElo "1926"]
[BlackElo "1997"]
[PlyCount "108"]
[EventDate "2014.04.26"]
[EventType "swiss"]
[EventRounds "11"]
[EventCountry "ROM"]
[Source "Chess Mix"]

1. e4 e5 2. Nf3 Nc6 3. d4 exd4 4. Nxd4 Nf6 5. Nxc6 bxc6 6. e5 Qe7 7. Qe2 Nd5 8.
c4 Ba6 9. b3 Qh4 10. a3 Bc5 11. g3 Bxf2+ 12. Qxf2 Qe4+ 13. Kd1 Qxh1 14. Nd2
Nc3+ 15. Kc2 Ne4 16. Nxe4 Qxe4+ 17. Bd3 Qg4 18. Bf5 Qh5 19. h4 f6 20. exf6 O-O
21. g4 Qf7 22. Bb2 g6 23. Rg1 Rab8 24. Qd4 Rfe8 25. Bd3 d5 26. Rf1 dxc4 27.
bxc4 Rbd8 28. Qf4 c5 29. Bc3 Bb7 30. h5 Bc6 31. hxg6 hxg6 32. Rf2 Ba4+ 33. Kd2
Rxd3+ 34. Kxd3 Qd7+ 35. Bd4 Kf7 36. Rh2 Qxd4+ 37. Qxd4 cxd4 38. g5 c5 39. Rh7+
Kf8 40. Rh8+ Kf7 41. Rh7+ Ke6 42. Rxa7 Bc6 43. Rc7 Kd6 44. Rg7 Be4+ 45. Kd2 Ra8
46. Re7 Bf5 47. Rb7 Be6 48. Rg7 Bf5 49. Rb7 Rxa3 50. Rb6+ Kc7 51. f7 Ra2+ 52.
Kc1 Ra8 53. Rf6 Rf8 54. Ra6 Be4 0-1

[Event "Targu Mures ROM, Men Ch 2014"]
[Site "Targu Mures ROM"]
[Date "2014.04.29"]
[Round "5.40"]
[White "Bilescu, Lucian Wolfgang"]
[Black "Sabau , Marian"]
[Result "1-0"]
[WhiteElo "1997"]
[BlackElo "1761"]
[PlyCount "81"]
[EventDate "2014.04.26"]
[EventType "swiss"]
[EventRounds "11"]
[EventCountry "ROM"]
[Source "Chess Mix"]

1. e4 b6 2. d4 Bb7 3. Bd3 Nf6 4. f3 e6 5. Be3 c5 6. Ne2 Nc6 7. Nbc3 Nb4 8. O-O
Nxd3 9. Qxd3 cxd4 10. Nxd4 a6 11. a4 Bc5 12. Kh1 O-O 13. Bg5 h6 14. Bh4 Be7 15.
Rad1 d5 16. exd5 Nxd5 17. Bxe7 Qxe7 18. Nxd5 Bxd5 19. c4 Bb7 20. Qe2 Qc7 21. b3
Rfd8 22. Nc2 Rac8 23. Rxd8+ Rxd8 24. Rd1 Rd7 25. Ne3 Qd8 26. Rxd7 Qxd7 27. Qd1
Qxd1+ 28. Nxd1 Kf8 29. Kg1 Ke7 30. Kf2 Kd6 31. Ke3 Kc5 32. Kd3 f6 33. Kc3 e5
34. Ne3 g6 35. Ng4 e4 36. fxe4 Bxe4 37. g3 f5 38. Nxh6 g5 39. b4+ Kd6 40. Nf7+
Ke6 41. Nxg5+ 1-0

[Event "Ch Romania"]
[Site "Targu Mures (Romania)"]
[Date "2014.04.28"]
[Round "4"]
[White "Ognean, Mihnea Ionut"]
[Black "Bilescu, Lucian Wolfgang"]
[Result "1-0"]
[WhiteElo "1794"]
[BlackElo "1997"]
[PlyCount "85"]
[EventDate "2014.??.??"]

1. e4 d5 2. exd5 Qxd5 3. Nc3 Qd8 4. d4 Nf6 5. Bc4 a6 6. Nf3 b5 7. Bd3 Bb7 8.
O-O e6 9. Qe2 Be7 10. a4 b4 11. Ne4 Nxe4 12. Bxe4 Bxe4 13. Qxe4 Nd7 14. Qc6 O-O
15. Bf4 Nf6 16. Bxc7 Qc8 17. Ne5 Nd5 18. Ba5 Qb8 19. Qc4 Rc8 20. Qe2 Bd6 21. f4
Qa7 22. Qe4 Rab8 23. Rac1 f5 24. Qd3 Nxf4 25. Rxf4 Bxe5 26. Rh4 g5 27. Qe3 Bf6
28. Qxe6+ Kg7 29. Rxh7+ Kxh7 30. Qxf6 Qd7 31. Qxg5 Qxd4+ 32. Kh1 Qe5 33. Rf1
Rb7 34. Qh4+ Kg8 35. Bxb4 Rh7 36. Qg5+ Kh8 37. h3 Rxh3+ 38. gxh3 Qe4+ 39. Qg2
Qxb4 40. Rxf5 Qe1+ 41. Rf1 Qe5 42. Rg1 Qxb2 43. Qd5 1-0

[Event "Ch Romania"]
[Site "Targu Mures (Romania)"]
[Date "2014.04.27"]
[Round "3"]
[White "Bilescu, Lucian Wolfgang"]
[Black "Ciortan, Mihail"]
[Result "1-0"]
[WhiteElo "1997"]
[BlackElo "1741"]
[PlyCount "119"]
[EventDate "2014.??.??"]

1. e4 d6 2. d4 Nf6 3. Nc3 e5 4. Nf3 Nbd7 5. Bc4 h6 6. h3 c6 7. a4 Qc7 8. Be3
Be7 9. Qd2 Nf8 10. Bb3 Be6 11. d5 cxd5 12. Bxd5 Bxd5 13. Nxd5 Nxd5 14. Qxd5 Ng6
15. O-O O-O 16. c4 Rfc8 17. b3 Qc6 18. Rfd1 Qxd5 19. Rxd5 Nf8 20. Ne1 Ne6 21.
Nc2 Kf8 22. Rad1 Ke8 23. g3 Nc7 24. R5d3 Ne6 25. h4 f6 26. Kg2 Nc5 27. Bxc5
Rxc5 28. Ne3 g6 29. h5 gxh5 30. Rh1 a6 31. Rxh5 Bf8 32. Ng4 Kf7 33. Rf5 Be7 34.
Nxh6+ Kg6 35. Ng4 b5 36. axb5 axb5 37. cxb5 Rxb5 38. Ne3 Ra3 39. Nd5 Bd8 40.
Nxf6 Raxb3 41. Rxd6 Be7 42. Rc6 Rb6 43. Nd5+ Rxc6 44. Nxe7+ Kg7 45. Nxc6 Rc3
46. Nxe5 Rc2 47. Rf7+ Kg8 48. g4 Rc5 49. Rf5 Rc2 50. Rf7 Rc5 51. Re7 Rc3 52. g5
Rb3 53. g6 Rc3 54. f4 Rc2+ 55. Kf3 Rc3+ 56. Kg4 Rc1 57. Kf5 Rh1 58. Kf6 Kf8 59.
Nd7+ Kg8 60. Re8# 1-0

[Event "Ch Romania"]
[Site "Targu Mures (Romania)"]
[Date "2014.04.27"]
[Round "2"]
[White "Vasiesiu, Victor"]
[Black "Bilescu, Lucian Wolfgang"]
[Result "1-0"]
[WhiteElo "1810"]
[BlackElo "1997"]
[PlyCount "41"]
[EventDate "2014.??.??"]

1. e4 e5 2. Bc4 Nf6 3. d3 Nc6 4. Nf3 Bc5 5. c3 a6 6. Bb3 Ba7 7. h3 d6 8. Nbd2
Nd7 9. Bc2 O-O 10. Nf1 Re8 11. Ng3 Nf8 12. O-O Ne6 13. Be3 g6 14. d4 Ng7 15.
Qd2 exd4 16. cxd4 d5 17. e5 Be6 18. Bg5 Qd7 19. Bf6 Rf8 20. Qh6 Ne8 21. Ng5 1-0

[Event "Targu Mures ROM, Men Ch 2014"]
[Site "Targu Mures ROM"]
[Date "2014.04.26"]
[Round "1.10"]
[White "Bilescu, Lucian Wolfgang"]
[Black "Filip, Lucian-Ioan"]
[Result "0-1"]
[WhiteElo "1997"]
[BlackElo "2455"]
[PlyCount "60"]
[EventDate "2014.04.26"]
[EventType "swiss"]
[EventRounds "11"]
[EventCountry "ROM"]
[Source "Chess Mix"]

1. e4 c5 2. Nf3 e6 3. d4 cxd4 4. Nxd4 a6 5. Nc3 Qc7 6. g3 Bb4 7. Bd2 Nf6 8. Bg2
Nc6 9. Nb3 Be7 10. O-O d6 11. a4 b6 12. f4 Bb7 13. Be3 O-O 14. g4 Nd7 15. g5
Nc5 16. Rf3 g6 17. Rg3 Rfd8 18. Qe2 Nb4 19. Rf1 d5 20. Qf2 Nxb3 21. cxb3 d4 22.
Rh3 dxe3 23. Qh4 h5 24. f5 Nd3 25. Bf3 Qf4 26. f6 Qxh4 27. Rxh4 Bc5 28. Ne2 Ne5
29. Bxh5 gxh5 30. b4 Rd2 0-1

[Event "Miercurea Ciuc Bancpost op 16th"]
[Site "Miercurea Ciuc"]
[Date "2013.08.17"]
[Round "9.13"]
[White "Ordog, Akos"]
[Black "Bilescu, Lucian Wolfgang"]
[Result "1/2-1/2"]
[WhiteElo "1646"]
[BlackElo "1760"]
[PlyCount "121"]
[EventDate "2013.08.11"]
[EventType "swiss"]
[EventRounds "9"]
[EventCountry "ROM"]

1. e4 e5 2. Nf3 Nc6 3. Bb5 a6 4. Ba4 Nf6 5. O-O Be7 6. Re1 b5 7. Bb3 O-O 8. a4
Rb8 9. axb5 axb5 10. Nc3 d6 11. h3 h6 12. Nd5 Nxd5 13. Bxd5 Nb4 14. d4 Nxd5 15.
exd5 Bb7 16. dxe5 dxe5 17. Nxe5 Bxd5 18. Qg4 Rb6 19. Nd7 Rg6 20. Qf5 Be6 21.
Rxe6 Rxe6 22. Nxf8 Re1+ 23. Kh2 Qxf8 24. Qf3 Bd6+ 25. g3 Qe7 26. Bg5 Qe4 27.
Ra8+ Kh7 28. Qxe4+ Rxe4 29. Be3 f5 30. Ra5 f4 31. Bxf4 Bxf4 32. gxf4 Rxf4 33.
Kg3 Rc4 34. Rxb5 Rxc2 35. b4 Rc4 36. Rc5 Rxb4 37. Rxc7 h5 38. Rc5 g6 39. f3 h4+
40. Kg2 Rb2+ 41. Kg1 Kh6 42. Ra5 Kg7 43. Ra6 Rb4 44. Kf2 Kh6 45. Ra5 Rb6 46.
Rc5 Rb2+ 47. Kg1 Kg7 48. Rc4 g5 49. Rc6 Re2 50. Ra6 Rb2 51. Rc6 Kf7 52. Ra6 Rb4
53. Kf2 Rb1 54. Rc6 Rh1 55. Kg2 Ra1 56. Rb6 Ra2+ 57. Kg1 Ra7 58. Kf2 Re7 59. f4
gxf4 60. Rb4 Kg6 61. Rxf4 1/2-1/2

[Event "Miercurea Ciuc Bancpost op 16th"]
[Site "Miercurea Ciuc"]
[Date "2013.08.16"]
[Round "8.9"]
[White "Bilescu, Lucian Wolfgang"]
[Black "Miroi, Robert Andrei"]
[Result "0-1"]
[WhiteElo "1760"]
[BlackElo "1809"]
[PlyCount "44"]
[EventDate "2013.08.11"]
[EventType "swiss"]
[EventRounds "9"]
[EventCountry "ROM"]

1. e4 c5 2. Nf3 e6 3. d4 cxd4 4. Nxd4 Nf6 5. Nc3 Nc6 6. Be3 Bb4 7. Nxc6 bxc6 8.
Bd3 d5 9. exd5 cxd5 10. Bd4 O-O 11. O-O Re8 12. Re1 Bd6 13. Nb5 Bb8 14. c4 a6
15. Bxf6 Qxf6 16. Nc3 Ba7 17. Nxd5 Qxf2+ 18. Kh1 Bb7 19. Rf1 Qh4 20. Rf4 Qh6
21. Qf3 Bb8 22. Re1 Bxf4 0-1

[Event "Miercurea Ciuc Bancpost op 16th"]
[Site "Miercurea Ciuc"]
[Date "2013.08.15"]
[Round "6.12"]
[White "Bilescu, Lucian Wolfgang"]
[Black "Mihaly, Zsolt"]
[Result "1/2-1/2"]
[WhiteElo "1760"]
[BlackElo "1659"]
[PlyCount "76"]
[EventDate "2013.08.11"]
[EventType "swiss"]
[EventRounds "9"]
[EventCountry "ROM"]

1. e4 c5 2. Nf3 e6 3. d4 cxd4 4. Nxd4 a6 5. Nc3 Qc7 6. a3 Nf6 7. Nb3 Be7 8. Be3
b5 9. Be2 Bb7 10. f3 d6 11. O-O O-O 12. Qe1 Nbd7 13. Qg3 Kh8 14. Rfd1 Rac8 15.
Rac1 Ne5 16. Nd2 d5 17. f4 Ng6 18. e5 Nd7 19. h4 Nxh4 20. Bd3 Ng6 21. Qh3 Bxa3
22. bxa3 Qxc3 23. Nf3 h6 24. g4 f6 25. Qh5 fxe5 26. Qxg6 e4 27. Bd4 Rf6 28. Qh5
Qc7 29. Ne5 Nxe5 30. Bxe5 Qc5+ 31. Kf1 Qe3 32. Bxf6 Qxf4+ 33. Kg1 Qg3+ 34. Kf1
Qf3+ 35. Kg1 Qg3+ 36. Kf1 Qf4+ 37. Kg1 Qg3+ 38. Kf1 Qf3+ 1/2-1/2

[Event "Miercurea Ciuc Bancpost op 16th"]
[Site "Miercurea Ciuc"]
[Date "2013.08.15"]
[Round "7.12"]
[White "Kiraly, Ferenc"]
[Black "Bilescu, Lucian Wolfgang"]
[Result "0-1"]
[WhiteElo "1804"]
[BlackElo "1760"]
[PlyCount "68"]
[EventDate "2013.08.11"]
[EventType "swiss"]
[EventRounds "9"]
[EventCountry "ROM"]

1. e4 e5 2. Nf3 Nc6 3. Bb5 a6 4. Ba4 Nf6 5. O-O b5 6. Bb3 Be7 7. Re1 O-O 8. c3
d5 9. exd5 Nxd5 10. Nxe5 Nxe5 11. Rxe5 Nf6 12. h3 Bd6 13. Re2 Bb7 14. d4 Qd7
15. Be3 Qc6 16. Qf1 Rae8 17. Nd2 Re7 18. Nf3 Rfe8 19. Qd1 Qd7 20. d5 Nxd5 21.
Bxd5 Bxd5 22. Rd2 c6 23. a4 h6 24. axb5 axb5 25. Ra7 Qf5 26. Rxe7 Rxe7 27. b3
Bc7 28. b4 Qg6 29. Rd4 f5 30. Rxd5 cxd5 31. Qxd5+ Qe6 32. Qxb5 Rd7 33. Bd4 g5
34. Be5 Rd5 0-1

[Event "Miercurea Ciuc Bancpost op 16th"]
[Site "Miercurea Ciuc"]
[Date "2013.08.14"]
[Round "5.7"]
[White "Camarascu, Radu Stefan"]
[Black "Bilescu, Lucian Wolfgang"]
[Result "1-0"]
[WhiteElo "1786"]
[BlackElo "1760"]
[PlyCount "81"]
[EventDate "2013.08.11"]
[EventType "swiss"]
[EventRounds "9"]
[EventCountry "ROM"]

1. e4 e5 2. Nf3 Nc6 3. d4 exd4 4. Bc4 Nf6 5. O-O Nxe4 6. Re1 d5 7. Bxd5 Qxd5 8.
Nc3 Qh5 9. Nxe4 Be6 10. Nxd4 Qxd1 11. Rxd1 O-O-O 12. Be3 Nxd4 13. Bxd4 f6 14.
Rac1 b6 15. Nc3 a6 16. Be3 Bd6 17. f4 Rhe8 18. Ne4 Bf8 19. Rxd8+ Rxd8 20. c4
Kb7 21. Kf2 h5 22. a3 a5 23. c5 a4 24. cxb6 cxb6 25. Nc3 Bb3 26. Nb5 Rd7 27.
Nd4 Bf7 28. Nb5 Be7 29. f5 Bd5 30. Nc3 Bc6 31. Ne2 Be4 32. Ng3 Bd3 33. Nxh5
Bxf5 34. Nxg7 Be4 35. Ne6 f5 36. Bd4 Bd6 37. g3 f4 38. gxf4 Bd5 39. Re1 Re7 40.
f5 Rf7 41. Nd8+ 1-0

[Event "Miercurea Ciuc Bancpost op 16th"]
[Site "Miercurea Ciuc"]
[Date "2013.08.13"]
[Round "4.10"]
[White "Bilescu, Lucian Wolfgang"]
[Black "Ilie, Maria Ruxandra"]
[Result "1/2-1/2"]
[WhiteElo "1760"]
[BlackElo "2011"]
[PlyCount "102"]
[EventDate "2013.08.11"]
[EventType "swiss"]
[EventRounds "9"]
[EventCountry "ROM"]

1. e4 c5 2. Nf3 e6 3. d4 cxd4 4. Nxd4 Nf6 5. Nc3 Nc6 6. Ndb5 Bc5 7. Nd6+ Ke7 8.
Bf4 e5 9. Nf5+ Kf8 10. Bg5 d5 11. Bxf6 gxf6 12. Qxd5 Qxd5 13. Nxd5 Bxf5 14.
exf5 Kg7 15. Bd3 Rhd8 16. Be4 Rac8 17. c3 a6 18. O-O Rd7 19. Rfd1 Rcd8 20. Rd3
Ne7 21. Rad1 a5 22. g4 h5 23. Nxf6 Rxd3 24. Nxh5+ Kh6 25. Rxd3 Rxd3 26. Bxd3
Kg5 27. h3 Nc8 28. Kg2 Nd6 29. Kg3 e4 30. h4+ Kh6 31. Bc2 Nxf5+ 32. gxf5 Kxh5
33. Bxe4 Bd6+ 34. f4 b6 35. f6 Bc7 36. Bd5 Kg6 37. Kg4 Kxf6 38. h5 Bd6 39. Kf3
Bf8 40. Ke4 Bh6 41. b4 axb4 42. cxb4 Bf8 43. b5 Bd6 44. a4 Bc7 45. Bb3 Bd6 46.
a5 bxa5 47. b6 Bb8 48. b7 Bc7 49. f5 Kg7 50. h6+ Kxh6 51. Bxf7 Kg7 1/2-1/2

[Event "Miercurea Ciuc Bancpost op 16th"]
[Site "Miercurea Ciuc"]
[Date "2013.08.12"]
[Round "2.8"]
[White "Bilescu, Lucian Wolfgang"]
[Black "Voda, Costel"]
[Result "0-1"]
[WhiteElo "1760"]
[BlackElo "1959"]
[PlyCount "120"]
[EventDate "2013.08.11"]
[EventType "swiss"]
[EventRounds "9"]
[EventCountry "ROM"]

1. e4 e5 2. Nf3 Nc6 3. Bc4 Bc5 4. b4 Bxb4 5. c3 Be7 6. d4 d6 7. Qb3 Na5 8.
Bxf7+ Kf8 9. Qa4 Kxf7 10. Qxa5 exd4 11. O-O c6 12. Qa4 dxc3 13. Nxc3 h6 14. e5
d5 15. Qf4+ Ke8 16. Re1 Be6 17. Nd4 Qd7 18. Qg3 g5 19. Qd3 Bc5 20. Qg6+ Bf7 21.
Qg7 Bxd4 22. Bb2 Qf5 23. Qxh8 Qxf2+ 24. Kh1 Qxb2 25. Qh7 Ne7 26. Rf1 Bg8 27.
Qxh6 Bxe5 28. Qf8+ Kd7 29. Qxa8 Qxc3 30. Qxb7+ Bc7 31. Rae1 Qc5 32. Rf8 Qd6 33.
g3 Bh7 34. Qxa7 Be4+ 35. Kg1 Qb4 36. Ref1 Qb6+ 37. Qxb6 Bxb6+ 38. R1f2 Bxf2+
39. Kxf2 d4 40. h4 gxh4 41. Rf4 hxg3+ 42. Ke1 Bd5 43. Rxd4 Kc7 44. Rg4 g2 45.
Rg7 Kb6 46. Kf2 Nf5 47. Rg5 Nd6 48. Kg1 Ka5 49. Rg4 Nc4 50. Rg7 Kb4 51. Kf2 Ne5
52. Rg3 Nc4 53. Rb3+ Ka4 54. Rg3 Nd6 55. Re3 Nf5 56. Rd3 Kb4 57. Kg1 Bc4 58.
Rf3 Nd4 59. Rh3 Bf1 60. Re3 Ne2+ 0-1